[Event "113th YMCA Autumn C"]
[Site "Warszawa"]
[Date "2012.12.04"]
[Round "12"]
[White "Budrewicz, Henryk"]
[Black "Kwiek, Janusz"]
[Result "1-0"]
[WhiteElo "1619"]
[BlackElo "1669"]
[PlyCount "181"]
[EventDate "2012.09.18"]
[EventType "tourn"]
[EventRounds "1"]
[EventCountry "POL"]
[SourceDate "2012.09.18"]

1. d4 Nf6 2. Nf3 d5 3. Bf4 e6 4. e3 c5 5. c3 Nc6 6. Ne5 Qb6 7. Qc2 Be7 8. Nd2
O-O 9. Be2 Nxe5 10. Bxe5 Bd7 11. a4 a5 12. dxc5 Qxc5 13. Nb3 Qb6 14. Nd4 Rfc8
15. O-O Ne4 16. Rfb1 f6 17. Bg3 Nxg3 18. hxg3 f5 19. Bd3 Bf6 20. Bb5 Bxb5 21.
Nxb5 Qc5 22. Rd1 Rd8 23. Nd4 Rd6 24. Rd2 g6 25. Rad1 Rad8 26. Nb5 R6d7 27. Qb3
Qc6 28. Nd4 Bxd4 29. exd4 Kf7 30. f4 h5 31. Kf2 Qc7 32. Re1 h4 33. Re5 hxg3+
34. Kxg3 Rh8 35. Rde2 Qd8 36. Kf3 Qh4 37. Qb5 Qg4+ 38. Ke3 Qg3+ 39. Kd2 Qxf4+
40. Kc2 Re7 41. Rxe6 Rhe8 42. Rxe7+ Rxe7 43. Qxd5+ Ke8 44. Rxe7+ Kxe7 45. Qxb7+
Kf6 46. Qd5 Qf2+ 47. Kb3 g5 48. Qe5+ Kg6 49. Qe6+ Kh5 50. Qd5 g4 51. Qe5 Qxg2
52. Qxf5+ Kh4 53. d5 g3 54. Qf4+ Kh3 55. d6 Qb7+ 56. Ka2 g2 57. Qe3+ Kh2 58.
Qf4+ Kh3 59. Qh6+ Kg3 60. Qg5+ Kf2 61. Qf5+ Ke2 62. Qe5+ Kf2 63. Qd4+ Ke2 64.
d7 Qxd7 65. Qxd7 g1=Q 66. Qb5+ Kd2 67. Qxa5 Qg8+ 68. c4+ Ke3 69. Qe5+ Kf2 70.
Qd4+ Ke2 71. Qd5 Qe8 72. Qb5 Qe6 73. a5 Qc8 74. a6 Qc7 75. c5+ Kd2 76. c6 Qf7+
77. b3 Qf2 78. Qc4 Kd1+ 79. Ka3 Qb6 80. b4 Kd2 81. c7 Qe3+ 82. Ka4 Qe8+ 83. b5
Qc8 84. Qd5+ Kc3 85. Qc5+ Kd3 86. Ka5 Ke4 87. Qe7+ Kf4 88. Qd8 Qe6 89. Qf8+ Ke5
90. c8=Q Qa2+ 91. Kb6 1-0

[Event "113th YMCA Autumn C"]
[Site "Warszawa"]
[Date "2012.12.04"]
[Round "12"]
[White "Duda, Ryszard"]
[Black "Wilczynski, Adam"]
[Result "0-1"]
[WhiteElo "1647"]
[BlackElo "1654"]
[PlyCount "140"]
[EventDate "2012.09.18"]
[EventType "tourn"]
[EventRounds "1"]
[EventCountry "POL"]
[SourceDate "2012.09.18"]

1. e4 c5 2. Nf3 e6 3. d4 cxd4 4. Nxd4 a6 5. Nc3 Qc7 6. Bd3 Nf6 7. O-O Bc5 8.
Nb3 Be7 9. Be3 d6 10. f4 Nbd7 11. a4 b6 12. Qe2 Bb7 13. Bd4 O-O 14. e5 Nd5 15.
Bxh7+ Kxh7 16. Qh5+ Kg8 17. Rf3 N5f6 18. exf6 Bxf3 19. Qg5 Bxf6 20. Bxf6 Nxf6
21. gxf3 Nh7 22. Qg3 d5 23. Kh1 Rac8 24. Nd4 Qe7 25. Rg1 Qf6 26. Nce2 Rc4 27.
c3 Rxa4 28. Nc6 Re8 29. Ned4 Rc4 30. Ne5 Rxd4 31. cxd4 g6 32. Rc1 Re7 33. Rc8+
Kg7 34. Rc1 Qf5 35. Qg4 Nf6 36. Qg5 Rb7 37. Ng4 Ng8 38. Qxf5 gxf5 39. Ne5 Ne7
40. Kg2 a5 41. Kg3 b5 42. b3 a4 43. Ra1 axb3 44. Rb1 Nc8 45. Rxb3 Nd6 46. Nd3
Ra7 47. Nb4 Ra1 48. h3 Rd1 49. Nc6 Rg1+ 50. Kf2 Rc1 51. Nb4 Kh6 52. Nd3 Rc4 53.
Rb4 Kh5 54. Kg3 Rxb4 55. Nxb4 Nc4 56. Nd3 Ne3 57. Nb4 Nf1+ 58. Kf2 Nd2 59. Ke3
Nc4+ 60. Kf2 Kh4 61. Kg2 Ne3+ 62. Kf2 Nd1+ 63. Kg2 Nc3 64. Nd3 Ne2 65. Ne5
Nxf4+ 66. Kf2 Nxh3+ 67. Ke3 f4+ 68. Ke2 Ng5 69. Nd3 Kg3 70. Ne1 b4 0-1

[Event "113th YMCA Autumn C"]
[Site "Warszawa"]
[Date "2012.12.06"]
[Round "13"]
[White "Kwiek, Janusz"]
[Black "Duda, Ryszard"]
[Result "1-0"]
[WhiteElo "1669"]
[BlackElo "1647"]
[PlyCount "95"]
[EventDate "2012.09.18"]
[EventType "tourn"]
[EventRounds "1"]
[EventCountry "POL"]
[SourceDate "2012.09.18"]

1. Nf3 c5 2. e4 Nc6 3. Nc3 a6 4. d4 cxd4 5. Nxd4 Nf6 6. Nxc6 dxc6 7. Qxd8+ Kxd8
8. Bc4 e6 9. Bg5 Be7 10. O-O-O+ Ke8 11. e5 Nd5 12. Bxe7 Kxe7 13. Ne4 b5 14. Bb3
Rd8 15. c4 Nb6 16. Rxd8 Kxd8 17. cxb5 axb5 18. Ng5 Ke7 19. Rd1 h6 20. Ne4 Nd5
21. g3 Bd7 22. Rd2 Be8 23. f4 Nb4 24. a3 Na6 25. g4 c5 26. Bd1 Bc6 27. Nd6 Nc7
28. Be2 c4 29. h4 Ne8 30. Nxe8 Bxe8 31. Kc2 Rd8 32. Rxd8 Kxd8 33. Kc3 Kc7 34.
Kb4 Kb6 35. a4 bxa4 36. Bxc4 Bd7 37. Bd3 f6 38. Bc2 fxe5 39. fxe5 g5 40. hxg5
hxg5 41. Bxa4 Bxa4 42. Kxa4 Ka6 43. Kb4 Kb6 44. Kc4 Kc6 45. b4 Kb6 46. b5 Kb7
47. Kc5 Kc7 48. b6+ 1-0

[Event "113th YMCA Autumn C"]
[Site "Warszawa"]
[Date "2012.10.09"]
[Round "13"]
[White "Baranowicz, Jan"]
[Black "Budrewicz, Henryk"]
[Result "1-0"]
[WhiteElo "1652"]
[BlackElo "1619"]
[PlyCount "95"]
[EventDate "2012.09.18"]
[EventType "tourn"]
[EventRounds "1"]
[EventCountry "POL"]
[SourceDate "2012.09.18"]

1. e4 c5 2. Nc3 Nc6 3. f4 e6 4. Nf3 d6 5. Bb5 Bd7 6. Bc4 Nge7 7. d3 Na5 8. Bb3
Nxb3 9. axb3 b5 10. O-O b4 11. Ne2 Nc6 12. Qe1 Be7 13. Kh1 Bf6 14. g4 g6 15.
Qf2 Bg7 16. f5 Qe7 17. Ng5 f6 18. Nxe6 Bxe6 19. fxe6 Qxe6 20. g5 O-O 21. Qg3 f5
22. exf5 Qd5+ 23. Qg2 Qxg2+ 24. Kxg2 Rxf5 25. Rxf5 gxf5 26. Bf4 Be5 27. Ra6 Rc8
28. Bxe5 dxe5 29. c3 Rc7 30. Ng3 f4 31. Ne4 Nb8 32. Re6 Nc6 33. Nxc5 bxc3 34.
bxc3 Kf7 35. Rh6 Kg8 36. b4 a5 37. b5 Ne7 38. d4 exd4 39. cxd4 Ng6 40. h4 Re7
41. h5 Nh4+ 42. Kf1 Nf3 43. b6 Nd2+ 44. Kf2 f3 45. b7 Re2+ 46. Kg3 Re8 47. Rc6
Nf1+ 48. Kf2 1-0

[Event "113th YMCA Autumn C"]
[Site "Warszawa"]
[Date "2012.12.11"]
[Round "13"]
[White "Kalhorn, Marcin"]
[Black "Kokoszczynski, Jan"]
[Result "1-0"]
[WhiteElo "1625"]
[BlackElo "1584"]
[Annotator "Admin"]
[PlyCount "67"]
[EventDate "2012.09.18"]
[EventType "tourn"]
[EventRounds "1"]
[EventCountry "POL"]
[SourceDate "2012.09.18"]

1. d4 d5 2. c4 c6 3. Nf3 Nf6 4. Nc3 e6 5. e3 Be7 6. Bd3 Nbd7 7. e4 dxc4 8. Bxc4
b5 9. Bd3 Bb7 10. e5 Nd5 11. Nxd5 cxd5 12. O-O a6 13. Be3 Nb6 14. Ne1 Nc4 15.
Qg4 g6 16. b3 Nxe3 17. fxe3 Rc8 18. Qf3 O-O 19. Qe2 Qb6 20. g3 Bc6 21. Ng2 Bb4
22. Rf2 a5 23. h4 a4 24. Nf4 Qa5 25. Rb1 a3 26. Qg4 Be8 27. h5 Kg7 28. hxg6
hxg6 $11 29. Nh5+ Kg8 30. Rh2 f5 31. exf6 Rxf6 32. Nxf6+ Kf7 33. Rh7+ Kf8 34.
Qxe6 1-0